NLSUI OPAC header image

Talking of justice : (Record no. 115421)

MARC details
000 -LEADER
fixed length control field 01369cam a2200349 i 4500
001 - CONTROL NUMBER
control field 18466548
003 - CONTROL NUMBER IDENTIFIER
control field OSt
005 - DATE AND TIME OF LATEST TRANSACTION
control field 20260219065047.0
008 - FIXED-LENGTH DATA ELEMENTS--GENERAL INFORMATION
fixed length control field 141103s2014 ii b 000 0 eng d
010 ## - LIBRARY OF CONGRESS CONTROL NUMBER
LC control number 2014360818
020 ## - INTERNATIONAL STANDARD BOOK NUMBER
International Standard Book Number 9789382277965
020 ## - INTERNATIONAL STANDARD BOOK NUMBER
International Standard Book Number 938227796X
025 ## - OVERSEAS ACQUISITION NUMBER
Overseas acquisition number I-E-2014-360818; 71-92
035 ## - SYSTEM CONTROL NUMBER
System control number 18466548
035 ## - SYSTEM CONTROL NUMBER
System control number (OCoLC)895112166
037 ## - SOURCE OF ACQUISITION
Source of stock number/acquisition Library of Congress -- New Delhi Overseas Office
040 ## - CATALOGING SOURCE
Original cataloging agency DKAGE
Language of cataloging eng
Description conventions rda
Transcribing agency DKAGE
Modifying agency UKMGB
-- DLC
042 ## - AUTHENTICATION CODE
Authentication code lccopycat
-- lcode
043 ## - GEOGRAPHIC AREA CODE
Geographic area code a-ii---
082 04 - DEWEY DECIMAL CLASSIFICATION NUMBER
Classification number 323.4 SET
100 ## - MAIN ENTRY--PERSONAL NAME
Personal name Seth, Leila
245 10 - TITLE STATEMENT
Title Talking of justice :
Remainder of title people's rights in modern India /
Statement of responsibility, etc. Leila Seth
264 #1 - PRODUCTION, PUBLICATION, DISTRIBUTION, MANUFACTURE, AND COPYRIGHT NOTICE
Place of production, publication, distribution, manufacture New Delhi :
Name of producer, publisher, distributor, manufacturer Aleph Book Company,
Date of production, publication, distribution, manufacture, or copyright notice 2014.
300 ## - PHYSICAL DESCRIPTION
Extent xiii, 214 p. ;
Dimensions 23 cm
505 ## - FORMATTED CONTENTS NOTE
Formatted contents note Author's Note:<br/>1. Rape: Inside the Justice Verma Committee;<br/>2. Gender Sensitization of the Judiciary;<br/>3. social Action Litigation;<br/>4. Women's Rights;<br/>5. A Uniform Civil Code towards Gender Justice;<br/>6. Children's Rights;<br/>7. Widow's Rights;<br/>8. Prisoners' Rights;<br/>9. Judicial Administration;<br/>10. You're a criminal if Gay;
650 #0 - SUBJECT ADDED ENTRY--TOPICAL TERM
Topical term or geographic name entry element Justice, Administration of
Geographic subdivision India.
650 #0 - SUBJECT ADDED ENTRY--TOPICAL TERM
Topical term or geographic name entry element Civil rights
Geographic subdivision India.
650 #0 - SUBJECT ADDED ENTRY--TOPICAL TERM
Topical term or geographic name entry element Law reform
Geographic subdivision India.
906 ## - LOCAL DATA ELEMENT F, LDF (RLIN)
a 7
b cbc
c copycat
d 2
e ncip
f 20
g y-gencatlg
942 ## - ADDED ENTRY ELEMENTS (KOHA)
Source of classification or shelving scheme Dewey Decimal Classification
Koha item type BOOKs
Holdings
Withdrawn status Lost status Damaged status Not for loan Home library Current library Shelving location Date acquired Cost, normal purchase price Total Checkouts Full call number Barcode Date last seen Price effective from Koha item type Source of classification or shelving scheme Materials specified (bound volume or other part) Source of acquisition Public note Date last checked out
        . . NAB Compactor 30.05.2017 500.00   323.4 SET 31164 30.05.2017 30.05.2017 BOOKs          
        . .   26.08.2019 500.00   323.4 SET-2 37660 26.08.2019 26.08.2019 BOOKs Dewey Decimal Classification HB Gratis Donated By Vice Chancellor's Office, NLSIU  
        . .   26.08.2019 500.00 2 323.4 SET-3 37672 18.04.2026 26.08.2019 BOOKs Dewey Decimal Classification HB Gratis Donated By Vice Chancellor's Office, NLSIU 11.04.2026